书目信息 |
| 题名: |
2012-2015大学生城市设计课程优秀获奖作业集
|
|
| 作者: | 唐子来 主编 ;高等学校城乡规划学校专业指导委员会 编 | |
| 分册: | ||
| 出版信息: | 北京 中国建筑工业出版社 2016.09 |
|
| 页数: | 271页 | |
| 开本: | 29cm | |
| 丛书名: | ||
| 单 册: | ||
| 中图分类: | TU984.2-64 | |
| 科图分类: | ||
| 主题词: | 城市规划--cheng shi gui hua--中国--2012-2015--图集 | |
| 电子资源: | ||
| ISBN: | 978-7-112-19873-3 | |
| 000 | 01058nam0 2200241 450 | |
| 001 | CAL 0120162021494 | |
| 005 | 20190308101228.57 | |
| 010 | @a978-7-112-19873-3@dCNY110.00 | |
| 100 | @a20170904d2016 em y0chiy50 ea | |
| 101 | 0 | @achi |
| 102 | @aCN@b110000 | |
| 105 | @aak z 000yy | |
| 200 | 1 | @a2012-2015大学生城市设计课程优秀获奖作业集@A2012-2015da xue sheng cheng shi she ji ke cheng you xiu huo jiang zuo ye ji@f高等学校城乡规划学校专业指导委员会编 |
| 210 | @a北京@c中国建筑工业出版社@d2016.09 | |
| 215 | @a271页@c彩图@d29cm | |
| 314 | @a书内题: 唐子来主编 | |
| 330 | @a本书收录了全国高等学校城乡规划专业指导委员会2012-2015年的城市设计竞赛获奖作品, 并附有高等学校城乡规划学科专业指导委员会专家的点评。 | |
| 606 | 0 | @a城市规划@Acheng shi gui hua@y中国@z2012-2015@j图集 |
| 690 | @aTU984.2-64@v5 | |
| 701 | 0 | @a唐子来@Atang zi lai@4主编 |
| 712 | 02 | @a高等学校城乡规划学校专业指导委员会@Agao deng xue xiao cheng xiang gui hua xue xiao zhuan ye zhi dao wei yuan hui@4编 |
| 801 | 0 | @aCN@c20170904 |
| 905 | @a河南城建学院图书馆@dTU984.2-64@eT273@f2 | |
| 2012-2015大学生城市设计课程优秀获奖作业集/高等学校城乡规划学校专业指导委员会编.-北京:中国建筑工业出版社,2016.09 |
| 271页:彩图;29cm |
| ISBN 978-7-112-19873-3:CNY110.00 |
| 本书收录了全国高等学校城乡规划专业指导委员会2012-2015年的城市设计竞赛获奖作品, 并附有高等学校城乡规划学科专业指导委员会专家的点评。 |
| ● |
| 相关链接 |
|
|
|
正题名:2012-2015大学生城市设计课程优秀获奖作业
索取号:TU984.2-64/T273
 
预约/预借
| 序号 | 登录号 | 条形码 | 馆藏地/架位号 | 状态 | 备注 |
| 1 | 1243803 | 212438030 | 建筑库201/201建筑库 65排6列4层/ [索取号:TU984.2-64/T273] | 在馆 | |
| 2 | 1316294 | 213162940 | 建筑库201/201建筑库 65排6列4层/ [索取号:TU984.2-64/T273] | 在馆 | |
| 3 | 1316295 | 213162959 | 建筑库201/201建筑库 65排6列4层/ [索取号:TU984.2-64/T273] | 在馆 |